LIBRARY & INFORMATION CENTRE, KCAET, TAVANUR

ONLINE PUBLIC ACCESS CATALOGUE (OPAC)

Puri muthal Nasik vare / (Record no. 528)

MARC details
000 -LEADER
fixed length control field 00340cam a2200133ua 4500
003 - CONTROL NUMBER IDENTIFIER
control field OSt
008 - FIXED-LENGTH DATA ELEMENTS--GENERAL INFORMATION
fixed length control field 201014b ||||| |||| 00| 0 eng d
100 ## - MAIN ENTRY--AUTHOR NAME
Personal name Raman Nair, Vettoor
245 ## - TITLE STATEMENT
Title Puri muthal Nasik vare /
260 ## - PUBLICATION, DISTRIBUTION, ETC. (IMPRINT)
Place of publication Kottayam :
Name of publisher National Book Stall ,
Year of publication 1967.
300 ## - PHYSICAL DESCRIPTION
Number of Pages 247 ; .
650 ## - SUBJECT ADDED ENTRY--TOPICAL TERM
Topical Term Travelogue
942 ## - ADDED ENTRY ELEMENTS (KOHA)
Koha item type Books
Holdings
Withdrawn status Lost status Damaged status Home library Current library Date acquired Full call number Accession Number Koha item type Public note
Withdrawn     KAUAET Malayalam University 07/04/2012 894.812 803 55 8390 Books Transferred to Malayalam University
Withdrawn     KAUAET Malayalam University 16/11/2023   11158 Books  
free website counter